000 00550nam a22001817a 4500
999 _c181585
_d181585
005 20210924113415.0
010 _aENG-129964
020 _c450.00
_a9789353887018
035 _aEN-113496
037 _bDBAD/PUB
082 _a658.4012
100 _aDhayanithy,Deepak
245 _aStrategy Huddle:
_cby Deepak Dhayanithy
_bManagement lessons from sports/
260 _bSage
_c2021
270 _bNew Delhi
_aBI/1-1 Mohan Cooperative Industrial Area
_e110044
300 _axix,185p.
_c25cm (pbk)
942 _2ddc
_cEN
_mDHA
_h658.4012